000 05012cam a22018134i 4500
003 PE-LiUPU
005 20250813165817.0
008 150706s2009 mx a r 000 0 spa d
020 _a607774302X
020 _a9786077743026
035 _a(Sirsi) i9786077743026
040 _aPE-LiUPU
_bspa
_cPE-LiUPU
_dPE-LiUPU
_erda
049 _aPRUA
082 0 4 _a610.730692
_bO73 2009
100 1 _aOrtega Vargas, María Carolina,
_eautor.
245 1 0 _aManual de evaluación de la calidad del servicio de enfermería :
_bestrategias para su aplicación /
_cCarolina Ortega Vargas.
250 _a2a edición.
264 1 _aMéxico :
_bMédica Panamericana,
_c2009.
300 _a240 páginas :
_bilustraciones ;
_c27 centímetros
336 _atext
_2rdacontent
337 _aunmediated
_2rdamedia
338 _avolume
_2rdacarrier
505 0 _aElementos conceptuales de la calidad -- Diseño de indicadores para el cuidado del paciente -- Indicadores de calidad del cuidado -- Indicador 1 lavado de manos -- Indicador 2 instalación de catéter venoso central -- Indicador 3 transfusión de hemoderivados -- Indicador 4 prevención y tratamiento de úlceras por presión -- Indicador 5 prevención de caídas -- Indicador 6 esterilización con vapor -- Indicador 7 administración de medicamentos por vía oral -- Indicador 8 baño de regadera -- Indicador 9 aspiración de secreciones traqueo bronquiales con sistema cerrado -- Indicador 10 lavado y esterilización del filtro dializador de las líneas arteriovenosas para hemodiálisis -- Indicador 11 preparación de soluciones intravenosas -- Indicador 12 Registro de observaciones de enfermería -- Indicador 13 vigilancia y control del proceso de cambio de bolsa de diálisis peritoneal.
526 _aP203
526 _aP200
526 _aSEG65
526 _aSEG64
526 _aSEG63
526 _aSEG62
526 _aSEG61
526 _aSEG60
526 _aSEG59
526 _aSEG58
526 _aSEG57
526 _aSEG56
526 _aSEG55
526 _aSEG54
526 _aSEG53
526 _aSEG52
526 _aSEG51
526 _aSEG50
526 _aSEG49
526 _aSEG48
526 _aSEG47
526 _aSEG46
526 _aSEG24
526 _aSEG23
526 _aSEG22
526 _aSEG21
526 _aSEG20
526 _aSEG19
526 _aSEG18
526 _aSEG17
526 _aSEG16
526 _aSEG14
526 _aSEG13
526 _aSEG12
526 _aSEG11
526 _aSEG10
526 _aSEG09
526 _aSEG06
526 _aSEG05
526 _aSEG04
526 _aSEG03
526 _aSEG02
526 _aSEG68
526 _aSEG66
526 _aSEG45
526 _aSEG25
526 _aSEG01
526 _aP163
526 _aP162
526 _aP161
526 _aP160
526 _aP159
526 _aP158
526 _aP157
526 _aP156
526 _aP155
526 _aP154
526 _aP153
526 _aP152
526 _aP151
526 _aP150
526 _aP149
526 _aP142
526 _aP141
526 _aP140
526 _aP139
526 _aP138
526 _aP137
526 _aP132
526 _aP131
526 _aP130
526 _aP126
526 _aP125
526 _aP124
526 _aP123
526 _aP115
526 _aP122
526 _aP121
526 _aP116
526 _a P114
526 _aP112
526 _aP111
526 _aP104
526 _aP103
526 _aP102
526 _aP101
526 _aP100
526 _aP96
526 _aP95
526 _aP93
526 _aP92
526 _aP91
526 _aP88
526 _aP83
526 _aP82
526 _aP79
526 _aP78
526 _aP75
526 _aP74
526 _aP71
526 _aP69
526 _a P51
526 _aP49
526 _aP48
526 _aP47
526 _aP33
526 _aP31
526 _a P30
526 _aP29
526 _aP27
526 _aP26
526 _aP25
526 _aP24
526 _a P22
526 _aP10
526 _aP09
526 _a P08
526 _aP06
526 _aP05
526 _aP04
526 _aP01
541 _g015-0012110;
650 0 4 _aEnfermería
_vManuales, etc.
650 0 4 _aEnfermería
_xServicios
_vAdministración.
910 _agl
_clch
_d20101110
942 _2ddc
_cBOOK
949 _a610.730692 O73 2009
_wDEWEY
_c1
_i62260
_d2016-4-3
_e2016-3-29
_lCCODEBUL1
_mBUL
_n2
_p36.00
_r0
_sY
_tBOOK
_u2015-7-6
_xSALUD
_PP22
_0COMPRA
_o.STAFF. Colección Ciencias de la Salud
994 _aC0
_bPEPRU
596 _a1
999 _a610.730692 O73 2009
_wDEWEY
_c51337
_i62260
_d51337
_e2016-3-29
_f2021-11-3
_g5
_lCCODEBUL1
_mBUL
_n2
_p36.00
_q1
_r0
_sY
_tBOOK
_u2015-7-6
_xSALUD
_zP22
_0COMPRA
_o.STAFF. Colección Ciencias de la Salud
980 _81
_gALBERTO SANCHEZ Responsable de Automatización